1182 1450 1302 1317 1763 1758 1782 1039 1676 1218 1191 1052 1159 1411 1058 1829 1532 1403 1801 1248 1924 1473 1740 1918 1707 1448 1326 1039 1925 1087 1333 1222 1194 1699 1345 1558 1953 1974 1544 1107 1026 1149 1055 1838 1639 1963 1841 1838 1810 1028 1483 1423 1618 1127 1287 1413 1790 1666 1751 1825 1428 1361 1972 1304 1735 1937 1920 1653 1756 1700 1014 1356 1675 1649 1526 1815 1260 1223 1375 1012 1860 1328 1308 1316 1761 1105 1129 1579 1484 1229 1701 1964 1220 1192 1714 1706 1154 1353 1015 BCNSPRNW ULIB Ver.6.0+V

เปลี่ยนเป็นภาษาไทย

Change to English
 แสดงรายละเอียดบรรณานุกรม
  กลับหน้าหลัก

Brief Record : Get Marc (ISO 2709) : E-mail record : QR code < ปิดหน้าต่าง
LEADER : 00000nam 2200000uu 4500
001    13399125624
003     ULIB
008    170711s||||||||th 000 0 tha d
020    ^a9786163980304
040    ^abns
060 04 ^aWM190^bณ259บ
100 0  ^aณหทัย วงศ์ปการันย์
245 10 ^aบุคลิกภาพแปรปรวน :^bการประเมินและการรักษา = Personalitydisorders : assessment and treatment /^cณหทัย วงศ์ปการันย์,ทินกร วงศ์ปการันย์
246 31 ^aPersonality disorders :^bassessment and treatment
250    ^aฉบับปรับปรุง
260    ^aเชียงใหม่ :^bภาควิชาจิตเวชศาสตร์ คณะแพทยศาสตร์ มหาวิทยาลัยเชียงใหม่,^c2558
300    ^aก-ฌ, 504 หน้า :^bภาพประกอบ ;^c23 ซม.
650  4 ^aบุคลิกภาพผิดปกติ
700 0  ^aทินกร วงศ์ปการันย์
710 2  ^aมหาวิทยาลัยเชียงใหม่.^bคณะแพทยศาสตร์.^bภาควิชาจิตเวชศาสตร์
945    ^p0^l0^i002600
945    ^p0^l0^i002601
999    ^aประนอม เกษจรัล
รายการนี้ยังไม่มีแท็ก
คุณยังไม่ได้ล็อกอิน คุณสามารถมีกิจกรรมร่วมกับเว็บไซต์ได้ แต่ต้องล็อกอินก่อน ::
  ล็อกอิน

รายการสื่อสารสนเทศ

ลำดับที่ ประเภท เลขเรียก/บาร์โค้ด สถานที่ สถานะ
1. วิทยาศาสตร์การแพทย์ และสุขภาพ
วิทยาศาสตร์การแพทย์ และสุขภาพ
สถานะ=หนังสือเก่า
WM190 ณ259บ ฉ.1 
  Barcode: 002600
ห้องสมุดวิทยาเขตสวรรค์ประชารักษ์
►ส่วนจัดเก็บหนังสือเก่า สปร
บนชั้น
  ขอยืม
2. วิทยาศาสตร์การแพทย์ และสุขภาพ
วิทยาศาสตร์การแพทย์ และสุขภาพ
สถานะ=หนังสือเก่า
WM190 ณ259บ ฉ.2 
  Barcode: 002601
ห้องสมุดวิทยาเขตสวรรค์ประชารักษ์
►ส่วนจัดเก็บหนังสือเก่า สปร
บนชั้น
  ขอยืม

รายการใกล้เคียง
    ผู้แต่ง [ณหทัย วงศ์ปการันย์]

    หัวเรื่อง [บุคลิกภาพผิดปกติ]

BibComment


ยังไม่เคยถูกคอมเมนท์

คอมเมนท์ทรัพยากรรายการนี้
  คอมเมนท์: บุคลิกภาพแปรปรวน..


 Copyright 2026. Bcnsprnw @Library